000 00266nam a2200109Ia 4500
008 190216s9999||||xx |||||||||||||| ||und||
100 _aUniversity Of Travancore
245 0 _aTerms In Mathematics
260 _bDept Of Physics
650 _aMathematics
942 _cBK
999 _c30479
_d30479